History Quiz

Random History or Blitz Quiz

Multi-Category History Blitz Quiz Stats

 Plays Quiz Updated May 11, 2015

Challenge
Share
Tweet
Embed
Score 0/30 Timer 04:00
0 Plays Today
Hint Answer % Correct
Begins with PPolio
90.6%
Begins with PPlato
84.6%
Nobel Peace Prize WinnersNelson Mandela...
76.6%
Name That QueenAnne Boleyn...
76.6%
Name That QueenVictoria
74.5%
Nobel Peace Prize WinnersM.L. King Jr
74.3%
The Battle of ... the Alamo
72.4%
Begins with PPolk
71.2%
Begins with PPanzer
58.5%
Nobel Peace Prize WinnersWoodrow Wilson
56.5%
Name That QueenMarie Antoinette
52.6%
The Battle of ... Hastings
49.8%
Four Letter HistoryOmar
44.3%
Nobel Peace Prize WinnersLech Wałęsa
43.7%
The First Century A.D.Augustus
43.4%
Hint Answer % Correct
Begins with PPliny
43.1%
Four Letter HistoryLima
39%
Name That QueenJane Grey
36.9%
Nobel Peace Prize WinnersBegin/Sadat
34.1%
Four Letter HistoryZero
32.5%
The First Century A.D.Britain
28.6%
Name That QueenBoudica
27.8%
Four Letter HistoryEden
25.9%
The First Century A.D.Han/Xin
25.7%
Four Letter HistoryTroy
25.5%
The First Century A.D.Judea
23.2%
The First Century A.D.Herculaneum
18.8%
The Battle of ... Inchon
17.7%
The Battle of ... Austerlitz
12.6%
The Battle of ... Kursk
12%

You're not logged in!

Compare scores with friends on all Sporcle quizzes.
OR
Log In

You Might Also Like...

Show Comments

Extras

Top Quizzes Today


Score Distribution

Your Account Isn't Verified!

In order to create a playlist on Sporcle, you need to verify the email address you used during registration. Go to your Sporcle Settings to finish the process.

Report this User

Report this user for behavior that violates our Community Guidelines.

Details: